00656cam a2200193Mu 450000500170000000800410001702000150005802000180007304000500009104100080014110000190014924500910016826000440025930000330030349000260033665000330036265000320039570000350042720180312142006.0140410s2000 ck a gr 000 f eng d a9583007676 a9789583007675 aCO-BoUCMbspacJose A. GerenadJose A. Gerena aeng1 aCarroll, Lewis10aAlice's adventures in wonderlandcLewis Carroll ; ilustraciones de Rocío Parra Parra aBogotá (Colombia)bPanamericanac2000 a159 páginascilustraciones0 aThe english bookmarks 7aCuentos infantiles ingleses  7aLiteratura infantil inglesa1 aParra Parra, Rocioeilustrador